La flexibilidad de las estrategias futuras de una empresa exportadora de cerezas /

Guardado en:
Otros Autores: Ramadori, María Jimena. (Disertante), Milanesi, Gastón S. (Orientador)
Formato: Manuscrito
Idioma:Spanish
Publicado: 2008.
Materias:
Etiquetas: Agregar Etiqueta
Sin Etiquetas, Sea el primero en etiquetar este registro!
LEADER 01047ntm a22002535a 4500
001 EAD.ead001470
008 080611s2008####ag#######bm###000#0#spa#d
005 20250317205650.0
245 1 3 |a La flexibilidad de las estrategias futuras de una empresa exportadora de cerezas /  |c Ramadori, María Jimena. 
260 |c 2008. 
300 |a 52 h. ;  |c 30 cm. 
502 |a Tesis (licenciatura)--Universidad Nacional del Sur. Departamento de Ciencias de la Administración, 2008. 
500 |a Director de tesis: Milanesi, Gastón. 
504 |a Incluye referencias bibliográficas. 
530 |a También disponible en formato digital. 
100 1 |a Ramadori, María Jimena.  |4 dis 
700 1 |a Milanesi, Gastón S.  |q (Gastón Silverio)  |4 ths 
710 2 |a Universidad Nacional del Sur.  |b Departamento de Ciencias de la Administración  |4 dgg. 
082 0 4 |a 634.23 
650 7 |a Análisis de inversiones.  |2 unbist 
650 7 |a Cerezas.  |2 unbist 
653 |a Opciones 
653 |a Tesis digitales 
859 |a AR-BaBDC  |b BIB. ADMINISTRACION - Tesis  |h 634.23  |i R14  |k T  |p b05710